| 000 | 00842nam a2200253Ia 4500 | ||
|---|---|---|---|
| 003 | OSt | ||
| 005 | 20250408150321.0 | ||
| 008 | 210210b2008 xxu||||| |||| 00| 0 eng d | ||
| 040 | _cAL | ||
| 041 | _aeng | ||
| 082 | _a891.468 FERF | ||
| 100 |
_aFERNANDIS (Fransis Kassia) _dಫೆರ್ನಾಂಡಿಸ್ (ಫ್ರಾನ್ಸಿಸ್ ಕಾಸಿಯಾ) _9207930 |
||
| 245 |
_aFransis kassiyachim vinchnar barpam _bಫ್ರಾನ್ಸಿಸ್ ಕಾಸ್ಸಿಯಾಚಿ೦ ವಿಂಚ್ನಾರ್ ಬರ್ಪಾ೦ |
||
| 250 | _a2 | ||
| 260 |
_aMumbai _bAshley Prakashan., _c2008 |
||
| 300 | _axii,114 | ||
| 650 |
_avinchNAr _9207931 |
||
| 650 |
_akAssiyAchim _9207932 |
||
| 650 |
_aFrAnsis _9207933 |
||
| 650 |
_abarpAm _9207934 |
||
| 690 |
_aKonkani Miscellaneous _9207935 |
||
| 906 | _a065812 | ||
| 942 |
_2ddc _cBK |
||
| 999 |
_c147108 _d147108 |
||